000 00381nam a22001697a 4500
005 20160528121127.0
008 160528b xxu||||| |||| 00| 0 eng d
020 _a81-203-1149-3
041 _aeng
082 _b5793
100 _aStern, Lovisw
_91450
245 _aMarketing Channels
260 _aNew Delhi
_bPHI,
300 _a548
650 _aManagement
_9241
942 _cBK
999 _c2052
_d2051